Data and Computer Communications (Record no. 207)

MARC details
000 -LEADER
fixed length control field 00461nam a22001817a 4500
005 - DATE AND TIME OF LATEST TRANSACTION
control field 20180202094915.0
008 - FIXED-LENGTH DATA ELEMENTS--GENERAL INFORMATION
fixed length control field 160428b xxu||||| |||| 00| 0 eng d
020 ## - INTERNATIONAL STANDARD BOOK NUMBER
ISBN 81-7758581-9
041 ## - LANGUAGE CODE
Language code of text/sound track or separate title eng
082 ## - DEWEY DECIMAL CLASSIFICATION NUMBER
Item number 00715
Classification number 004.6
100 ## - MAIN ENTRY--AUTHOR NAME
Personal name Stallings, william
245 ## - TITLE STATEMENT
Title Data and Computer Communications
250 ## - EDITION STATEMENT
Edition statement 9th ed.
260 ## - PUBLICATION, DISTRIBUTION, ETC. (IMPRINT)
Place of publication New Delhi
Name of publisher Pearson Education,
Year of publication 2007
300 ## - PHYSICAL DESCRIPTION
Number of Pages 855
650 ## - SUBJECT ADDED ENTRY--TOPICAL TERM
Topical Term Information Technology
942 ## - ADDED ENTRY ELEMENTS (KOHA)
Koha item type Books
Holdings
Lost status Damaged status Home library Shelving location Date acquired Cost, normal purchase price Full call number Accession Number Koha item type Collection code Current library
    JRU Library SHELF-2-G 28/04/2016 295.00 00715 00715 Books    
    JRU Library SHELF-49-E 28/04/2016 295.00 004.6 00716 Books CS/IT JRU Library
    JRU Library SHELF-49-G 28/04/2016 295.00 004.6 00717 Books CS/IT JRU Library